000 00464nam a2200145 4500
999 _c11683
_d11683
008 181218b ||||| |||| 00| 0 eng d
022 _a 2094-8042
082 _aDPer 050 T48 Apr-June 2016 v. 187 n. 12-24
100 _933415
_aJohn, Elton
245 _aDarren Walker:
_bthe equalizer/
_cElton John.
260 _aHong Kong:
_bTime Asia,
_cc2016.
300 _av187 n16-17, page 78:
_billustrations;
_c27 cm.
650 0 _933416
_aPhilanthropists.
942 _2ddc
_cPER